How to select a car or truck for trailer towing.

Bibliographic Details
Main Author: Kneass, Jack
Format: Book
Language:English
Published: [Beverly Hills, Calif.] : [Trail-R-Club of America], [1969]
Subjects:

MARC

Tag First Indicator Second Indicator Subfields
LEADER 00000cam a2200000 4500
001 in00000097336
005 20150925114739.0
008 690820s1969 caua b 00000 eng
010 |a  73075471  
020 |a 087593093X  |c 2.95 
035 |a (OCoLC)00016096 
035 |9 AAL2792AM 
040 |a DLC  |c DLC  |d TXA  |d UtOrBLW 
049 |a TXAM  |c [637356] 
050 0 0 |a TL297  |b .K57 
082 0 |a 629.22/6 
100 1 |a Kneass, Jack. 
245 1 0 |a How to select a car or truck for trailer towing. 
264 1 |a [Beverly Hills, Calif.] :  |b [Trail-R-Club of America],  |c [1969] 
300 |a 144 pages :  |b illustrations ;  |c 22 cm. 
336 |a text  |b txt  |2 rdacontent 
337 |a unmediated  |b n  |2 rdamedia 
338 |a volume  |b nc  |2 rdacarrier 
504 |a "Book number 93." 
650 0 |a Automobile trailers. 
999 |a MARS 
999 f f |s 6f3d6a61-ff8b-3c9a-b7a7-7e1929eba1dd  |i afce5766-2bd6-3c1f-bfff-4d1939913c09  |t 0 
952 f f |p ric  |a Texas A&M University  |b Rellis Campus  |c Joint Library Facility  |d Remote Storage  |t 0  |e TL297 .K57  |h Library of Congress classification  |i unmediated -- volume  |m A14805528521 
998 f f |a TL297 .K57  |t 0  |l Remote Storage